| 000 | 02404cam a22005174a 4500 | ||
|---|---|---|---|
| 001 | muse34259 | ||
| 003 | MdBmJHUP | ||
| 005 | 20210127151056.0 | ||
| 006 | m o d | ||
| 007 | cr||||||||nn|n | ||
| 008 | 060206s2006 ohu o 00 0 eng d | ||
| 010 | _z 2006003984 | ||
| 020 | _a9780814272510 | ||
| 020 | _a0814272517 | ||
| 020 | _z9780814210239 (cloth : alk. paper) | ||
| 020 | _z0814210236 (cloth : alk. paper) | ||
| 020 | _z9780814251508 (pbk. : alk. paper) | ||
| 020 | _z0814251501 (pbk. : alk. paper) | ||
| 035 | _a(OCoLC)1229912848 | ||
| 040 |
_aMdBmJHUP _cMdBmJHUP |
||
| 043 | _an-us--- | ||
| 050 | 0 | 4 |
_aRG950 _b.E77 2006 |
| 082 | 0 |
_a618.2 _222 |
|
| 100 | 1 |
_aEttinger, Laura Elizabeth, _d1968- |
|
| 245 | 1 | 0 |
_aNurse-Midwifery _bThe Birth of a New American Profession / _cLaura E. Ettinger. |
| 264 | 1 | _bOhio State University Press, | |
| 264 | 3 | _bProject MUSE, | |
| 300 |
_a1 online resource (xvi, 269 p.) : _bill. ; |
||
| 504 | _aIncludes bibliographical references (p. 249-263) and index. | ||
| 505 | 0 | _aConception: nurse-midwives and the professionalization of childbirth -- Early labor pains, 1925-1940 -- Eastern Kentucky's frontier nursing service: Mary Breckinridge's mission, survival strategies, and race -- New York City's Maternity Center Association: educational opportunities and urban constraints -- Active labor, 1940-1960 -- Transitions: new directions, new limitations -- Traditions: home birth in a high-tech age -- Don't push: struggling to create a political strategy and professional identity -- Epilogue: afterbirth: learning from the past, looking to the future. | |
| 506 | 0 |
_aOpen Access _fUnrestricted online access _2star |
|
| 588 | _aDescription based on print version record. | ||
| 650 | 2 | 0 |
_aMidwifery _xhistory _zUnited States. |
| 650 | 2 | 0 |
_aHistory, 20th Century _zUnited States. |
| 650 | 1 | 0 |
_aNurse Midwives _xhistory _zUnited States. |
| 650 | 0 |
_aMidwives _zUnited States _xHistory. |
|
| 650 | 0 |
_aMidwifery _zUnited States _xHistory. |
|
| 655 | 7 |
_aElectronic books. _2local |
|
| 710 | 2 |
_aProject Muse. _edistributor |
|
| 830 | 0 | _aBook collections on Project MUSE. | |
| 856 | 4 | 0 |
_zFull text available: _uhttps://muse.jhu.edu/book/28184/ |
| 999 |
_c24519 _d24519 |
||